000 00975nmc a2200337 a 4500
003 AR-BaBNM
005 20251128204538.0
008 011101s1992 ||||||||||||||000 | spa||
020 _a950-9467-18-9
040 _cAR-BaBNM
100 1 _aFasce, Jorge A.
245 1 0 _aNosotros, educadores
_bde los problemas de un oficio
250 _a1ª ed.
260 _aBuenos Aires
_bMiño y Dávila
_c1992
300 _a104 p.
490 0 _aEnfoques en educación
500 _aContiene referencias bibliográficas
650 4 _aROL DEL DOCENTE
650 4 _aFORMACION DE DOCENTES
650 4 _aPAPEL DE LA ESCUELA
650 4 _aPROCESO DE APRENDIZAJE
650 4 _aRELACION ALUMNO-DOCENTE
650 4 _aFILOSOFIA DE LA EDUCACION
650 4 _aCOOPERACION UNIVERSIDAD-ESCUELA
650 4 _aPAPEL DE LA UNIVERSIDAD
700 1 _aMartiñá, Rolando
800 1 _aFasce, Jorge A.
_edirector
800 1 _aRojo, Mónica
_edirector
942 _cBK
998 _cSILVI
999 _c7858
_d7858